Návrh a implementácia inteligentného systému na riadenie a monitorovanie hydroponického pestovateľského prostredia

Na minha lista:
Detalhes bibliográficos
Autor principal: Nagy, László (Author)
Outros Autores: Gašparek, Krisztián (Thesis advisor)
Formato: Manuscrito Livro
Idioma:eslovaco
Publicado em: 2025
Assuntos:
Acesso em linha:http://is.stuba.sk/zp/portal_zp.pl?podrobnosti=184538
Tags: Adicionar Tag
Sem tags, seja o primeiro a adicionar uma tag!

MARC

LEADER 00000ntm a22000003a 4500
001 stuzp100888
003 SK-STU
005 20250614210741.7
007 ta
008 150427s2015----xo-----f-mn---000-0-slo-d
040 |a STU  |b slo 
041 0 |a slo 
100 1 |a Nagy, László  |u 033000  |4 aut  |U FEI Fakulta elektrotechniky a informatiky  |T FEI Ústav elektroniky a fotoniky  |X 104339  |U E030  |Y 549  |7 104339 
242 0 1 |a Design and implementation of an intelligent system for the control and monitoring of hydroponic growing environments  |y eng 
245 1 0 |a Návrh a implementácia inteligentného systému na riadenie a monitorovanie hydroponického pestovateľského prostredia 
260 |c 2025 
650 4 |a Automatic calibration  |2 eng 
650 4 |a Hydroponics  |2 eng 
650 4 |a IoT  |2 eng 
650 4 |a pH  |2 eng 
650 4 |a ESP32  |2 eng 
650 4 |a Automation  |2 eng 
650 4 |a Hydropónia  |2 slo 
650 4 |a IoT  |2 slo 
650 4 |a Automatická kalibrácia  |2 slo 
650 4 |a pH  |2 slo 
650 4 |a ESP32  |2 slo 
650 4 |a Automatizácia  |2 slo 
700 1 |a Gašparek, Krisztián  |u 033000  |k Z2  |4 ths  |U FEI Fakulta elektrotechniky a informatiky  |T FEI Ústav elektroniky a fotoniky  |X 74888  |U E030  |Y 549  |7 74888 
856 4 |u http://is.stuba.sk/zp/portal_zp.pl?podrobnosti=184538